歴代日本出身MLB選手 - Statistics

General Stats
  • This quiz has been taken 47 times
  • The average score is 36 of 75
Answer Stats
Hint Answer % Correct
2018 大谷翔平
95%
2022 鈴木誠也
95%
2001 イチロー
92%
2003 松井秀喜
92%
2004 松井稼頭央
92%
2024 松井裕樹
92%
1995 野茂英雄
90%
2000 佐々木主浩
85%
2024 山本由伸
85%
2025 佐々木朗希
82%
2014 田中将大
79%
2013 田中賢介
77%
2012 ダルビッシュ有
74%
2023 吉田正尚
74%
2019 菊池雄星
69%
2024 上沢直之
69%
2025 菅野智之
69%
2025 小笠原慎之介
69%
2016 前田健太
67%
2021 有原航平
67%
2023 藤浪晋太郎
67%
2024 今永昇太
67%
2020 筒香嘉智
62%
2023 千賀滉大
62%
1964 村上雅則
59%
2009 上原浩治
56%
2020 秋山翔吾
56%
2001 新庄剛志
54%
2005 中村紀洋
54%
2006 齋藤隆
54%
2008 福留孝介
54%
2012 青木宣親
54%
2005 井口資仁
51%
2006 城島健司
51%
2012 川﨑宗則
51%
2007 松坂大輔
49%
2008 黒田博樹
49%
2011 西岡剛
46%
2009 高橋建
44%
2010 髙橋尚成
44%
2012 岩隈久志
44%
2014 和田毅
44%
2020 山口俊
44%
2002 田口壮
41%
2007 井川慶
41%
2018 平野佳寿
41%
1997 伊良部秀樹
38%
2021 澤村拓一
38%
2002 石井一久
36%
2007 桑田真澄
33%
2013 藤川球児
33%
1997 長谷川滋利
31%
1999 大家友和
31%
1998 吉井理人
28%
2004 高津臣吾
28%
2007 岩村明憲
28%
2008 小林雅英
28%
2009 川上憲伸
28%
1996 マック鈴木
26%
2004 多田野数人
26%
2004 大塚晶則
23%
2007 岡島秀樹
21%
2009 田澤純一
21%
2015 村田透
21%
2018 牧田和久
21%
1999 木田優夫
18%
2002 野村貴仁
18%
2010 五十嵐亮太
18%
2002 小宮山悟
15%
2005 藪恵壹
10%
2008 福盛和男
10%
2008 薮田安彦
8%
2011 建山義紀
8%
1997 柏田貴史
5%
2003 マイケル中村
3%
No matching quizzes found
Score Distribution
Percent of People with Each Score
Percentile by Number Answered
Your Score History
You have not taken this quiz